Direito administrativo regulatório (Registro n. 3988)
[ somente texto ]
| 000 -LÍDER | |
|---|---|
| campo de controle de tamanho fixo | 01297nam a2200277 i 4500 |
| 001 - NÚMERO DE CONTROLE | |
| campo de controle | 3988 |
| 003 - IDENTIFICADOR DO NÚMERO DE CONTROLE | |
| campo de controle | OSt |
| 005 - DATA E HORÁRIO DA ÚLTIMA TRANSAÇÃO | |
| campo de controle | 20250530161039.0 |
| 008 - CAMPO DE DADOS FIXOS--INFORMAÇÃO GERAL | |
| campo de controle de tamanho fixo | 041126s2005 bl 000 0 por d |
| 020 ## - ISBN - INTERNATIONAL STANDARD BOOK NUMBER | |
| ISBN - International Standard Book Number | 8573875836 |
| 040 ## - FONTE DA CATALOGAÇÃO | |
| Instituição da catalogação original | BR-BrSTJ |
| Idioma da catalogação | por |
| Fontes convencionais de descrições de dados | rda |
| Instituição que transcreveu o registro | MDS |
| 041 ## - CÓDIGO DE IDIOMA | |
| Código do idioma do texto/trilha sonora ou título diferente | por |
| 084 ## - OUTROS NÚMEROS DE CLASSIFICAÇÕES | |
| Número de Classificação | 341.3 |
| Fonte do número | cddir |
| 092 ## - CLASSIFICAÇÃO DE DEWEY ATRIBUÍDA LOCALMENTE (OCLC) | |
| Número de Classificação | S728d |
| 100 1# - ENTRADA PRINCIPAL--NOME PESSOAL | |
| Nome pessoal | Souto, Marcos Juruena Villela, |
| Datas associadas ao nome | 1963-2010. |
| Função do autor por extenso | autor |
| URI | http://viaf.org/viaf/68181240 |
| Relacionamento | aut |
| Fonte do cabeçalho ou termo | ap |
| 245 10 - TÍTULO | |
| Título | Direito administrativo regulatório |
| 250 ## - EDIÇÃO | |
| Edição | 2. ed. |
| 264 #1 - AVISO DE PRODUÇÃO, PUBLICAÇÃO, DISTRIBUIÇÃO, FABRICO E DIREITOS AUTORAIS | |
| Local de produção, publicação, distribuição, fabricação | Rio de Janeiro: |
| Nome do produtor, editor, distribuidor, fabricante | Lumen Juris, |
| Data de produção, publicação, distribuição, fabricação ou aviso de direitos autorais | 2005. |
| 300 ## - DESCRIÇÃO FÍSICA | |
| Extensão | 427 p.: |
| Dimensões | 23 x 17 cm. |
| 504 ## - NOTA DE BIBLIOGRAFIA, ETC. | |
| Nota bibliográfica, etc. | Inclui bibliografia. |
| 505 2# - NOTA DE CONTEÚDO FORMATADO | |
| Nota de conteúdo formatado | O Direito administrativo e a regulação -- A função regulatória da administração -- Regulação nas atividades administrativas -- Princípios de atuação da administração na função regulatória -- A estrutura da administração para a regulação -- Atos administrativos de regulação -- Controle da atividade regulatória. |
| 520 3# - NOTA DE RESUMO, ETC. | |
| Resumo, etc. | Demonstra que a atividade regulatória é perfeitamente compatível com a Constituição Federal brasileira e se insere no estudo do Direito, mais precisamente, do Direito Administrativo. |
| 653 ## - TERMO DA INDEXAÇÃO--NÃO CONTROLADO | |
| Termo não controlado | Administração pública - Brasil |
| Termo não controlado | Direito Administrativo - Brasil |
| 942 ## - ELEMENTOS DE ENTRADA ADICIONADOS (KOHA) | |
| Fonte da classificação ou esquema de arquivamento na estante | Classificação Decimal de Direito |
| Tipo de material Koha | Livros físicos |
| Ocultar no OPAC | Não |
| Situação do descarte | Situação das perdas | Fonte da classificação ou esquema de arquivamento na estante | Situação física | Não pode ser emprestado | Biblioteca de origem | Biblioteca atual | Data de aquisição | Total de empréstimos | Número de chamada completo | Código de barras | Data de último acesso | Número do exemplar | Data do preço efetivo | Tipo de material Koha |
|---|---|---|---|---|---|---|---|---|---|---|---|---|---|---|
| Classificação Decimal de Direito | Biblioteca CONJUR | Biblioteca CONJUR | 30/05/2025 | 341.3 S728d ex. 1 | 00118 | 30/05/2025 | ex. 1 | 30/05/2025 | Livros físicos |
